000 00477nam a2200205Ia 4500
003 0100
008 130227s9999 xx 000 0 und d
040 _cARRUPELIB
050 _aJC330.I5R54 2008
100 _aRiordan, Patrick
245 2 _aA grammar of the common good
245 _bspeaking of globalization
260 _aLondon
260 _bContinuum
260 _C2008
300 _a195p.
300 _b 24cm.
650 _bNewman, John Henry
942 _2lcc
_01
999 _c5014
_d5014